| 000 | 00711nam a22002177a 4500 | ||
|---|---|---|---|
| 999 |
_c20292 _d20292 |
||
| 003 | AR-CdUCM | ||
| 008 | 190312b ||||| |||| 00| 0 spa d | ||
| 020 | _a84-329-2946-8 | ||
| 040 |
_aMUNICIPALIDAD PROVINCIAL DEL CUSCO _cBIBLIOTECA MUNICIPAL DEL CUSCO |
||
| 082 |
_29ed _a720.9 / _bB69 |
||
| 100 |
_aBoix Gené, José _915586 |
||
| 245 | _aEl arte en arquitectura / | ||
| 260 |
_aBarcelona : _b Eds. Ceac, _c1980. |
||
| 300 |
_a192 páginas ; _bIlustraciones, fotografías, _c22cm. |
||
| 505 | _aContenido: La prehistoria -- La antigüedad -- La edad media... | ||
| 650 |
_aUrbanismo _94748 |
||
| 650 |
_aArquitectura _93356 |
||
| 650 |
_aArte _9561 |
||
| 942 |
_2ddc _cLIBROS |
||
| 945 |
_adavv _d2019-05-28 |
||